| 000 | 00000nam##2200000za#4500 |
| 001 | 9.680638 |
| 003 | CaOODSP |
| 005 | 20200330064452 |
| 007 | ta |
| 008 | 150407|1998||||xxc||||| f|0| 0 fre|d |
| 020 | |a0-662-83403-8 |
| 040 | |aCaOODSP|bfre |
| 043 | |an-cn--- |
| 086 | 1 |aF2-130/1998F |
| 110 | 1 |aCanada. |bMinistère des finances. |
| 245 | 10|aPropositions législatives et notes explicatives concernant la migration des contribuables / |cPublié par le ministre des Finances. |
| 260 | |aOttawa - Ontario : |bFinances Canada. |c1998. |
| 300 | |a112p. ; |c23 cm. |
| 563 | |aCouverture souple |
| 590 | |a99-02|b1999-01-15 |
| 691 | 07|aPolitique fiscale|2gcpds |
| 691 | 07|aRéglementation en matière de taxation|2gcpds |
| 775 | 08|tLegislative proposals and explanatory notes on taxpayer migration / |w(CaOODSP)9.647214 |
| 776 | 0#|tPropositions législatives et notes explicatives concernant la migration des contribuables / |w(CaOODSP)9.642481 |